101 Soal Jawab Pengurusan Kewangan / (Record no. 27223)

000 -LEADER
fixed length control field 00850nam a22002297a 4500
001 - CONTROL NUMBER
control field 0000003975, 0000003788
003 - CONTROL NUMBER IDENTIFIER
control field PPM
005 - DATE AND TIME OF LATEST TRANSACTION
control field 20260423100735.0
008 - FIXED-LENGTH DATA ELEMENTS--GENERAL INFORMATION
fixed length control field 260423b ||||| |||| 00| 0 eng d
020 ## - INTERNATIONAL STANDARD BOOK NUMBER
International Standard Book Number 9679933911
Terms of availability RM 19.00
Qualifying information Paperback
035 ## - SYSTEM CONTROL NUMBER
System control number 0000003975, 0000003788
040 ## - CATALOGING SOURCE
Language of cataloging Malay
Transcribing agency Pusat Penyelidikan Mineral, Jabatan Mineral Dan Geosains Malaysia
Modifying agency PPM
Description conventions RDA
082 00 - DEWEY DECIMAL CLASSIFICATION NUMBER
Edition number 21
Classification number 658.15
Item number SER 2002
245 10 - TITLE STATEMENT
Title 101 Soal Jawab Pengurusan Kewangan /
Statement of responsibility, etc. oleh John Antony Xavier ...[et.al].,
260 #1 - PUBLICATION, DISTRIBUTION, ETC.
Place of publication, distribution, etc. Kuala Lumpur :
Name of publisher, distributor, etc. Institut Tadbiran Awam Negara,
Date of publication, distribution, etc. 2002
300 00 - PHYSICAL DESCRIPTION
Extent xii, 185 pages.:
Other physical details illustrations .;
Dimensions 21 cm
504 ## - BIBLIOGRAPHY, ETC. NOTE
Bibliography, etc. note Mengandungi rujukan bibliografi (p.: 185)
650 10 - SUBJECT ADDED ENTRY--TOPICAL TERM
Topical term or geographic name entry element Corporations
General subdivision Finance
-- Miscellanea
650 #0 - SUBJECT ADDED ENTRY--TOPICAL TERM
Topical term or geographic name entry element Business enterprises
700 1# - ADDED ENTRY--PERSONAL NAME
Personal name Xavier, John Anthony
Relator term author
942 ## - ADDED ENTRY ELEMENTS (KOHA)
Source of classification or shelving scheme
Koha item type Books
Holdings
Withdrawn status Lost status Source of classification or shelving scheme Damaged status Not for loan Collection code Permanent Location Current Location Shelving location Date acquired Cost, normal purchase price Total Checkouts Full call number Date last seen Price effective from Koha item type
Available         Open Shelf PPM PPM Open Shelf 23/04/2026 19.00   658.15 SEK 2002 23/04/2026 23/04/2026 Books
Available         Open Shelf PPM PPM Open Shelf 23/04/2026 19.00   658.15 SEK 2002 23/04/2026 23/04/2026 Books